Normal view MARC view
  • ALI Dr. JAVED

Entry Personal Name

Number of records used in: 1

001 - CONTROL NUMBER

  • control field: 5477

003 - CONTROL NUMBER IDENTIFIER

  • control field: OSt

005 - DATE AND TIME OF LATEST TRANSACTION

  • control field: 20200518102043.0

008 - FIXED-LENGTH DATA ELEMENTS

  • fixed length control field: 200518|| aca||aabn | a|a d

040 ## - CATALOGING SOURCE

  • Original cataloging agency: OSt
  • Transcribing agency: OSt

100 ## - HEADING--PERSONAL NAME

  • Personal name: ALI Dr. JAVED

670 ## - SOURCE DATA FOUND

  • Source citation: Work cat.: (OSt): ALI Dr. JAVED, Dosaga from Design, 2019